1811 1770 1455 1545 1127 1286 1285 1615 1386 1112 1266 1388 1708 1079 1826 1140 1970 1562 1771 1751 1379 1792 1582 1975 1695 1658 1178 1964 1388 1857 1778 1851 1908 1171 1519 1575 1960 1563 1774 1510 1624 1430 1215 1688 1437 1818 1541 1962 1080 1125 1056 1497 1068 1557 1598 1310 1236 1023 1133 1055 1255 1785 1540 1244 1880 1219 1071 1952 1777 1982 1576 1596 1032 1264 1331 1736 1191 1382 1267 1352 1996 1083 1288 1206 1543 1439 1479 1933 1655 1677 1516 1571 1934 1439 1579 1348 1363 1641 1466 BCNSPRNW ULIB Ver.6.0+V

เปลี่ยนเป็นภาษาไทย

Change to English
 แสดงรายละเอียดบรรณานุกรม
  กลับหน้าหลัก

Brief Record : Get Marc (ISO 2709) : E-mail record : QR code < ปิดหน้าต่าง
LEADER : 00000nam 2200000uu 4500
001    13399109616
003     ULIB
008    110404s2543||||th 000 0 tha d
020    9746572261
060 04 WY157^bก836ก 2543
100 0  เกสรา ศรีพิชญาการ
245    การพยาบาลหญิงที่มีการเจ็บครรภ์และคลอดก่อนกำหนด /^cเกสรา ศรีพิชญาการ
250    พิมพ์ครั้งที่ 1
260    เชียงใหม่ :^bคณะพยาบาลศาสตร์ มหาวิทยาลัยเชียงใหม่,^c2543
300    142 หน้า
650  7 เจ็บครรภ์
650  7 คลอดก่อนกำหนด
710  2 มหาวิทยาลัยเชียงใหม่. ^bคณะพยาบาลศาสตร์
945    ^p130^l0^i014173
945    ^p130^l0^i014176
945    ^p130^l0^i014175
945    ^p130^l0^i014174
945    ^p130^l0^i014172
945    ^p130^l0^i014171
995    เกษร
999 ^a ใช้งานได้ทุกระบบ
รายการนี้ยังไม่มีแท็ก
คุณยังไม่ได้ล็อกอิน คุณสามารถมีกิจกรรมร่วมกับเว็บไซต์ได้ แต่ต้องล็อกอินก่อน ::
  ล็อกอิน

รายการสื่อสารสนเทศ

ลำดับที่ ประเภท เลขเรียก/บาร์โค้ด สถานที่ สถานะ
1. วิทยาศาสตร์การแพทย์ และสุขภาพ
วิทยาศาสตร์การแพทย์ และสุขภาพ
WY157 ก836ก 2543 ฉ.4 
  Barcode: 014174
ห้องสมุดวิทยาเขตสวรรค์ประชารักษ์
►ส่วนจัดเก็บหนังสือเก่า สปร
บนชั้น
  ขอยืม
2. วิทยาศาสตร์การแพทย์ และสุขภาพ
วิทยาศาสตร์การแพทย์ และสุขภาพ
WY157 ก836ก 2543 ฉ.6 
  Barcode: 014176
ห้องสมุดวิทยาเขตสวรรค์ประชารักษ์
►ส่วนจัดเก็บหนังสือเก่า สปร
บนชั้น
  ขอยืม

รายการใกล้เคียง
    ผู้แต่ง [เกสรา ศรีพิชญาการ]

    หัวเรื่อง [เจ็บครรภ์]
    หัวเรื่อง [คลอดก่อนกำหนด]

BibComment


ยังไม่เคยถูกคอมเมนท์

คอมเมนท์ทรัพยากรรายการนี้
  คอมเมนท์: การพยาบาลหญิงที่ม..


 Copyright 2026. Bcnsprnw @Library